[Event "Asian Continental Blitz op (Women) 19th"]
[Site "Delhi"]
[Date "2022.11.03"]
[Round "6"]
[White "Jannatul, Ferdous"]
[Black "Parnali, S Dharia"]
[Result "0-1"]
[WhiteElo "1861"]
[BlackElo "2136"]
[PlyCount "66"]
[EventDate "2022.11.03"]
[EventType "swiss (blitz)"]
[EventRounds "9"]
[EventCountry "IND"]
[SourceTitle "EXT 2024"]
[Source "ChessBase"]
[SourceDate "2023.10.10"]
[SourceVersion "1"]
[SourceVersionDate "2023.10.10"]
[SourceQuality "1"]

1. d4 d5 2. Nf3 Nf6 3. Bf4 c5 4. e3 Nc6 5. c3 Bg4 6. h3 Bxf3 7. Qxf3 e6 8. Nd2 Qb6 9. Rb1 Qa5 10. Ra1 Qb6 11. Rb1 Be7 12. Bd3 c4 13. Bc2 Qa5 14. Ra1 b5 15. 0-0 b4 16. cxb4 Nxb4 17. Qd1 0-0 18. a3 Nxc2 19. Qxc2 Rfc8 20. Rfc1 h6 21. Qc3 Qb6 22. b3 cxb3 23. Qxb3 Rxc1+ 24. Rxc1 Qa5 25. Qb7 Re8 26. Rc7 Qxd2 27. Rxe7 Qe1+ 28. Kh2 Rxe7 29. Qxe7 Qxf2 30. Qxa7 Ne4 31. Qb8+ Kh7 32. a4 Nd2 33. Qe5 Nf3+ 0-1

[Event "Asian Continental Blitz op (Women) 19th"]
[Site "Delhi"]
[Date "2022.11.03"]
[Round "7"]
[White "Parnali, S Dharia"]
[Black "Isha, Sharma"]
[Result "1/2-1/2"]
[WhiteElo "2136"]
[BlackElo "2234"]
[PlyCount "55"]
[EventDate "2022.11.03"]
[EventType "swiss (blitz)"]
[EventRounds "9"]
[EventCountry "IND"]
[SourceTitle "EXT 2024"]
[Source "ChessBase"]
[SourceDate "2023.10.10"]
[SourceVersion "1"]
[SourceVersionDate "2023.10.10"]
[SourceQuality "1"]

1. d4 Nf6 2. Bg5 d5 3. Nd2 Ne4 4. Bf4 Nd6 5. Ngf3 g6 6. c4 dxc4 7. e4 Bg7 8. Nxc4 Nxe4 9. Bd3 Nf6 10. Rc1 c6 11. Nce5 0-0 12. h4 Be6 13. h5 Nbd7 14. hxg6 hxg6 15. Ng5 Bd5 16. Kf1 Re8 17. Qe1 Nf8 18. Qe3 Qa5 19. a3 Rad8 20. Qh3 Nh5 21. Be3 Qc7 22. Qg4 Nf6 23. Qh3 Nh5 24. Qg4 Nf6 25. Qh3 Nh5 26. Qg4 Nf6 27. Qh3 Nh5 28. Qg4 1/2-1/2

[Event "IND-chT (Women) 19th"]
[Site "Jalgaon"]
[Date "2022.04.09"]
[Round "2.3"]
[White "Parnali, S Dharia"]
[Black "Priyanka, Nutakki"]
[Result "1/2-1/2"]
[WhiteElo "2133"]
[BlackElo "2305"]
[PlyCount "98"]
[EventDate "2022.04.08"]
[EventType "team-swiss"]
[EventRounds "6"]
[EventCountry "IND"]
[SourceTitle "CBM 208 Extra"]
[Source "ChessBase"]
[SourceDate "2022.07.31"]
[SourceVersion "1"]
[SourceVersionDate "2022.07.31"]
[SourceQuality "1"]
[WhiteTeam "Maharashtra (W)"]
[BlackTeam "Airports Authority (W)"]
[WhiteTeamCountry "IND"]
[BlackTeamCountry "IND"]

1. e4 e6 2. d4 d5 3. Nc3 Bb4 4. e5 c5 5. a3 Bxc3+ 6. bxc3 Ne7 7. Qg4 Qc7 8. Bd3 cxd4 9. Ne2 dxc3 10. Qxg7 Rg8 11. Qxh7 Qxe5 12. h4 Nd7 13. Bf4 Qf6 14. Bg5 Qh8 15. Qxh8 Rxh8 16. Bb5 Nc6 17. Nxc3 f6 18. Be3 Kf7 19. 0-0-0 Nde5 20. Be2 Na5 21. Bc5 Nec4 22. Bb4 b6 23. h5 Rh6 24. Rh4 Ba6 25. Bd3 Rc8 26. Re1 f5 27. Nxd5 Nb3+ 28. Kb1 Ncd2+ 29. Kb2 Bxd3 30. cxd3 exd5 31. Re2 Rg8 32. Bxd2 Nxd2 33. Rxd2 Rxg2 34. Rc2 Kf6 35. Rd4 Rxh5 36. Rxd5 Rhh2 37. Rd7 Rxf2 38. Rxf2 Rxf2+ 39. Kc3 Ke6 40. Rxa7 Kd5 41. Rb7 Kc6 42. Rf7 Kc5 43. a4 Rf1 44. Rf6 Rf3 45. Rf7 Kc6 46. Kc4 Rf1 47. Rf6+ Kb7 48. Kb5 Rb1+ 49. Kc4 Rf1 1/2-1/2

[Event "IND-ch (Women) 47th"]
[Site "Bhubaneswar"]
[Date "2022.03.02"]
[Round "9"]
[White "Parnali, S Dharia"]
[Black "Savitha Shri, B."]
[Result "1-0"]
[WhiteElo "2224"]
[BlackElo "2257"]
[PlyCount "121"]
[EventDate "2022.02.25"]
[EventType "swiss"]
[EventRounds "9"]
[EventCountry "IND"]
[SourceTitle "CBM 207 Extra"]
[Source "ChessBase"]
[SourceDate "2022.05.31"]
[SourceVersion "1"]
[SourceVersionDate "2022.05.31"]
[SourceQuality "1"]

1. d4 Nf6 2. Nf3 g6 3. Nbd2 d5 4. b4 Bg7 5. e3 0-0 6. Bb2 Bf5 7. c4 Ne4 8. cxd5 Qxd5 9. Bc4 Qd6 10. Qb3 Nxd2 11. Nxd2 Nc6 12. a3 e5 13. d5 Ne7 14. e4 Bd7 15. Be2 b5 16. Rd1 c6 17. dxc6 Qxc6 18. Qg3 Rfe8 19. Nb3 Qc7 20. Nc5 Bc6 21. 0-0 a5 22. Rd2 Nc8 23. Rfd1 axb4 24. axb4 Nb6 25. h4 Na4 26. Qe3 Nxc5 27. Qxc5 Bf8 28. Qc3 Qb7 29. Qb3 Ra7 30. h5 Ra4 31. Bc3 Be7 32. hxg6 hxg6 33. Bxe5 Bg5 34. f4 Rxe5 35. fxg5 Qb6+ 36. Kh1 Ra8 37. Qg3 Rae8 38. Rd6 Kg7 39. R1d4 Rh8+ 40. Kg1 Rxe4 41. Qf2 Rxd4 42. Rxd4 Be8 43. Bg4 Rh4 44. g3 Rh7 45. Bf3 Kf8 46. Qe3 Qa7 47. Re4 Qxe3+ 48. Rxe3 f6 49. gxf6 Rc7 50. Bd5 Bf7 51. Re5 Rc3 52. Kf2 Be8 53. Re7 Rd3 54. Be6 Rd6 55. Kf3 Rd1 56. Kf4 Re1 57. g4 Rf1+ 58. Ke5 Re1+ 59. Kd6 Rh1 60. Rg7 Rh8 61. g5 1-0

[Event "IND-ch (Women) 47th"]
[Site "Bhubaneswar"]
[Date "2022.03.01"]
[Round "8"]
[White "Bhagyashree, Patil"]
[Black "Parnali, S Dharia"]
[Result "0-1"]
[WhiteElo "1974"]
[BlackElo "2224"]
[PlyCount "62"]
[EventDate "2022.02.25"]
[EventType "swiss"]
[EventRounds "9"]
[EventCountry "IND"]
[SourceTitle "CBM 207 Extra"]
[Source "ChessBase"]
[SourceDate "2022.05.31"]
[SourceVersion "1"]
[SourceVersionDate "2022.05.31"]
[SourceQuality "1"]

1. e4 e5 2. Nf3 Nc6 3. Bc4 Nf6 4. d3 h6 5. c3 Bc5 6. Be3 Qe7 7. Nbd2 Bxe3 8. fxe3 Na5 9. 0-0 Nxc4 10. Nxc4 d6 11. Qe1 Be6 12. Ncd2 0-0-0 13. d4 Bg4 14. d5 h5 15. Nh4 Rh6 16. c4 Rg8 17. b4 Qd7 18. Qb1 Nh7 19. Qc2 Ng5 20. c5 Be2 21. Rf5 Qe7 22. cxd6 Rxd6 23. Rc1 Rd7 24. Nb3 g6 25. d6 Nh3+ 26. Kh1 Qxh4 27. Nc5 gxf5 28. Nxd7 c6 29. Nxe5 Qf2 30. d7+ Kc7 31. d8Q+ Rxd8 0-1

[Event "IND-ch (Women) 47th"]
[Site "Bhubaneswar"]
[Date "2022.02.28"]
[Round "6"]
[White "Parnali, S Dharia"]
[Black "Bristy, Mukherjee"]
[Result "1-0"]
[WhiteElo "2224"]
[BlackElo "1856"]
[PlyCount "107"]
[EventDate "2022.02.25"]
[EventType "swiss"]
[EventRounds "9"]
[EventCountry "IND"]
[SourceTitle "CBM 207 Extra"]
[Source "ChessBase"]
[SourceDate "2022.05.31"]
[SourceVersion "1"]
[SourceVersionDate "2022.05.31"]
[SourceQuality "1"]

1. d4 f5 2. Nf3 Nf6 3. c4 e6 4. e3 b6 5. Bd3 Bb7 6. 0-0 Ne4 7. Bxe4 fxe4 8. Nfd2 Bb4 9. Qh5+ g6 10. Qg4 Rg8 11. Nxe4 h5 12. Qf3 Rf8 13. Nf6+ Rxf6 14. Qxb7 Nc6 15. Qa6 Rf5 16. Qa4 Qh4 17. Nd2 g5 18. Qc2 Bd6 19. g3 Qh3 20. Qe4 h4 21. Qg2 Qxg2+ 22. Kxg2 g4 23. f4 Rh5 24. Ne4 Kf7 25. Bd2 Rah8 26. Rh1 Bb4 27. Be1 Bxe1 28. Raxe1 Nb4 29. gxh4 Rxh4 30. a3 Nc6 31. Nf2 Kg6 32. Kg3 Kh5 33. b4 d5 34. cxd5 exd5 35. h3 gxh3 36. Rxh3 Rxh3+ 37. Nxh3 Ne7 38. Kf3 Nf5 39. Rg1 Rf8 40. Rg5+ Kh6 41. Nf2 c6 42. Ng4+ Kh7 43. Ne5 Ne7 44. Kg4 a5 45. Nd7 Rd8 46. Nxb6 axb4 47. axb4 Rb8 48. Nd7 Rxb4 49. Re5 Ng8 50. Kf5 Nh6+ 51. Ke6 Rb3 52. Nf6+ Kh8 53. Kd7 Rc3 54. Re7 1-0

[Event "IND-ch (Women) 47th"]
[Site "Bhubaneswar"]
[Date "2022.02.28"]
[Round "7"]
[White "Parnali, S Dharia"]
[Black "Vaishali, Ramesh Babu"]
[Result "0-1"]
[WhiteElo "2224"]
[BlackElo "2403"]
[PlyCount "120"]
[EventDate "2022.02.25"]
[EventType "swiss"]
[EventRounds "9"]
[EventCountry "IND"]
[SourceTitle "CBM 207 Extra"]
[Source "ChessBase"]
[SourceDate "2022.05.31"]
[SourceVersion "1"]
[SourceVersionDate "2022.05.31"]
[SourceQuality "1"]

1. d4 Nf6 2. Bf4 d5 3. e3 c5 4. Nd2 Nc6 5. Ngf3 cxd4 6. exd4 Bf5 7. Bb5 Qb6 8. c4 dxc4 9. Qa4 a6 10. Bxc6+ Qxc6 11. Qxc6+ bxc6 12. Nxc4 Nd5 13. Bd2 f6 14. Ke2 e6 15. Rhc1 Rc8 16. Ne1 g5 17. Nd3 Kd7 18. Nc5+ Bxc5 19. dxc5 Rb8 20. b3 e5 21. g3 h5 22. Nd6 Be6 23. Rc4 h4 24. Ra4 hxg3 25. hxg3 Nc7 26. Be3 Bd5 27. Rd1 Ke6 28. Kd2 Rh2 29. Kc1 Bf3 30. Rd2 Rh1+ 31. Kb2 Re1 32. Nc4 Bd5 33. Nd6 Bf3 34. Nc4 Bd5 35. Nd6 Rh8 36. Rb4 Rh2 37. Rb7 Rxe3 38. Rxc7 Rxg3 39. Ne8 Kf5 40. Nd6+ Kg6 41. Nc8 Rf3 42. Ne7+ Kh6 43. Nxd5 Rfxf2 44. Rxf2 Rxf2+ 45. Kc3 cxd5 46. c6 Rf3+ 47. Kb4 d4 48. Kc5 Rc3+ 49. Kb6 g4 50. Rc8 Kg7 51. Rc7+ Kg6 52. Rc8 d3 53. c7 e4 54. Rd8 Kf5 55. b4 Rxc7 56. Kxc7 g3 57. a4 g2 58. b5 axb5 59. axb5 g1Q 60. b6 Qc5+ 0-1

[Event "Titled Tuesday intern op 24th Aug"]
[Site "Chess.com INT"]
[Date "2021.08.24"]
[Round "2"]
[White "Dmitrenko, Viktor"]
[Black "Parnali, S Dharia"]
[Result "1-0"]
[WhiteElo "2444"]
[BlackElo "2224"]
[PlyCount "43"]
[EventDate "2021.08.24"]
[EventType "swiss (blitz)"]
[EventRounds "11"]
[EventCountry "USA"]
[SourceTitle "EXT 2022"]
[Source "ChessBase"]
[SourceDate "2021.10.06"]
[SourceVersion "1"]
[SourceVersionDate "2021.10.06"]
[SourceQuality "1"]

1. e4 e5 2. Nf3 Nc6 3. Bc4 Nf6 4. d3 Bb4+ 5. c3 Ba5 6. a4 d6 7. b4 Nxb4 8. cxb4 Bxb4+ 9. Bd2 Bc5 10. Be3 Bb4+ 11. Nbd2 Bg4 12. Bxf7+ Kxf7 13. Qb3+ d5 14. Qxb4 Re8 15. Bg5 dxe4 16. dxe4 Bxf3 17. Qc4+ Re6 18. Nxf3 Qd6 19. 0-0 Ng4 20. h3 h6 21. hxg4 hxg5 22. Nxg5+ 1-0

[Event "Titled Tuesday intern op 01st June"]
[Site "Chess.com INT"]
[Date "2021.06.01"]
[Round "2"]
[White "Parnali, S Dharia"]
[Black "Arpita, Mukherjee"]
[Result "0-1"]
[WhiteElo "2269"]
[BlackElo "2206"]
[PlyCount "56"]
[EventDate "2021.06.01"]
[EventType "swiss (blitz)"]
[EventRounds "11"]
[EventCountry "USA"]
[SourceTitle "CBM 202 Extra"]
[Source "ChessBase"]
[SourceDate "2021.07.31"]
[SourceVersion "1"]
[SourceVersionDate "2021.07.31"]
[SourceQuality "1"]

1. d4 Nf6 2. c4 g6 3. Nc3 Bg7 4. e4 d6 5. f3 0-0 6. Be3 c5 7. dxc5 dxc5 8. Qxd8 Rxd8 9. Bxc5 Nc6 10. Nge2 Nd7 11. Ba3 Nde5 12. Nf4 e6 13. Rd1 Rxd1+ 14. Kxd1 b6 15. c5 Bb7 16. Bb5 Rd8+ 17. Kc1 Bh6 18. Nce2 Nd4 19. Nxd4 Bxf4+ 20. Kb1 Rxd4 21. cxb6 axb6 22. g3 Bh6 23. Be2 Rd2 24. Rd1 Rxe2 25. Rd8+ Kg7 26. Bf8+ Kf6 27. Bxh6 Nxf3 28. g4 Bxe4+ 0-1

[Event "Arandjelovac IM 4th"]
[Site "Arandjelovac"]
[Date "2021.04.27"]
[Round "5"]
[White "Sanz Wawer, Daniel"]
[Black "Parnali, S Dharia"]
[Result "1-0"]
[WhiteElo "2265"]
[BlackElo "2243"]
[PlyCount "119"]
[EventDate "2021.04.24"]
[EventType "tourn"]
[EventRounds "9"]
[EventCountry "SRB"]
[SourceTitle "EXT 2022"]
[Source "ChessBase"]
[SourceDate "2021.10.06"]
[SourceVersion "1"]
[SourceVersionDate "2021.10.06"]
[SourceQuality "1"]

1. e4 e5 2. Nf3 Nc6 3. Bb5 a6 4. Ba4 Nf6 5. 0-0 b5 6. Bb3 Bc5 7. a4 Rb8 8. c3 Bb6 9. d4 d6 10. a5 Ba7 11. h3 0-0 12. Be3 Ra8 13. Nbd2 Re8 14. Ng5 Rf8 15. Ngf3 Re8 16. Re1 h6 17. d5 Ne7 18. c4 Ng6 19. Nf1 Bxe3 20. Rxe3 Nf4 21. Ng3 Nd7 22. Ba2 b4 23. Qd2 Rb8 24. Ne2 Nxe2+ 25. Qxe2 Nc5 26. Nd2 f5 27. exf5 Bxf5 28. Nb3 Nd7 29. Bb1 Rf8 30. Bxf5 Rxf5 31. Nd2 Qh4 32. Ne4 Rbf8 33. f3 Nf6 34. Ra4 Nxe4 35. Rxe4 Qg5 36. Kh2 Rb8 37. c5 Rb5 38. cxd6 cxd6 39. Rexb4 Rxd5 40. Rg4 Qd2 41. Qxa6 Rc5 42. Qb7 Rf7 43. Qb8+ Kh7 44. Qe8 Rcc7 45. Rab4 h5 46. Rh4 g6 47. a6 Qf2 48. Rhc4 Rce7 49. Qd8 Rd7 50. Qc8 g5 51. Rb7 g4 52. fxg4 h4 53. Rc1 Kh6 54. Rxd7 Rxd7 55. Rd1 Qf4+ 56. Kh1 Qa4 57. b3 Qxb3 58. Rf1 Qb5 59. Qh8+ Kg6 60. Rf6+ 1-0

[Event "Arandjelovac IM 4th"]
[Site "Arandjelovac"]
[Date "2021.04.26"]
[Round "4"]
[White "Parnali, S Dharia"]
[Black "Joel Paul, Ganta"]
[Result "0-1"]
[WhiteElo "2243"]
[BlackElo "1865"]
[PlyCount "79"]
[EventDate "2021.04.24"]
[EventType "tourn"]
[EventRounds "9"]
[EventCountry "SRB"]
[SourceTitle "EXT 2022"]
[Source "ChessBase"]
[SourceDate "2021.10.06"]
[SourceVersion "1"]
[SourceVersionDate "2021.10.06"]
[SourceQuality "1"]

1. d4 Nf6 2. c4 g6 3. Nc3 Bg7 4. e4 d6 5. f3 0-0 6. Nge2 c5 7. d5 e6 8. Ng3 exd5 9. cxd5 h5 10. Bg5 Qb6 11. Qd2 Nh7 12. h4 Nd7 13. Be3 Ne5 14. Be2 a6 15. Rb1 Qd8 16. Bh6 b5 17. Bxg7 Kxg7 18. Nd1 Re8 19. Ne3 Kg8 20. Rc1 Qf6 21. Ngf1 Ra7 22. Kd1 Nf8 23. Kc2 c4 24. Qd4 Rb7 25. Kb1 Qd8 26. f4 Ned7 27. Nc2 Qa5 28. Nd2 Nc5 29. Ne3 Rbe7 30. e5 dxe5 31. fxe5 Rxe5 32. Rc3 Na4 33. Ra3 Qb6 34. Qxb6 Nxb6 35. Ndf1 Nxd5 36. Nxd5 Rxd5 37. Ng3 b4 38. Ra4 a5 39. Bxc4 Rc5 40. Bd3 0-1

[Event "Arandjelovac IM 4th"]
[Site "Arandjelovac"]
[Date "2021.04.24"]
[Round "1"]
[White "Singh, Ojasva"]
[Black "Parnali, S Dharia"]
[Result "1-0"]
[WhiteElo "1933"]
[BlackElo "2243"]
[PlyCount "95"]
[EventDate "2021.04.24"]
[EventType "tourn"]
[EventRounds "9"]
[EventCountry "SRB"]
[SourceTitle "EXT 2022"]
[Source "ChessBase"]
[SourceDate "2021.10.06"]
[SourceVersion "1"]
[SourceVersionDate "2021.10.06"]
[SourceQuality "1"]

1. e4 e5 2. Nf3 Nc6 3. Bc4 Nf6 4. d3 Bc5 5. c3 a6 6. 0-0 Ba7 7. a4 d6 8. Re1 h6 9. Nbd2 Ne7 10. Nf1 Ng6 11. Ng3 0-0 12. h3 Be6 13. Qb3 Qd7 14. d4 exd4 15. Bxe6 fxe6 16. Nxd4 Kh8 17. Nxe6 Qf7 18. Be3 Ng4 19. Bxa7 Rxa7 20. Nf5 Nxf2 21. Kxf2 Nf4 22. Ned4 Qxb3 23. Nxb3 Nd3+ 24. Kg1 Nxe1 25. Rxe1 Raa8 26. Ne7 Rf7 27. Nd5 b5 28. axb5 axb5 29. Nd4 Ra2 30. Re2 Kh7 31. Kh2 Ra1 32. Nc6 Ra8 33. e5 dxe5 34. Nxe5 Re8 35. Re3 Rf5 36. Ng4 Rxe3 37. Ndxe3 Rf7 38. Kg3 Rd7 39. Ne5 Rd6 40. b4 Rf6 41. Nc2 Rf1 42. Nd4 g5 43. Nd3 Rd1 44. Nc5 Rc1 45. Ne4 Kg6 46. Nxb5 Kf5 47. Nc5 Ke5 48. Nd3+ 1-0

[Event "Arandjelovac IM 3rd"]
[Site "Arandjelovac"]
[Date "2021.04.20"]
[Round "5"]
[White "Avinash, Ramesh"]
[Black "Parnali, S Dharia"]
[Result "1/2-1/2"]
[WhiteElo "1933"]
[BlackElo "2243"]
[PlyCount "79"]
[EventDate "2021.04.17"]
[EventType "swiss"]
[EventRounds "10"]
[EventCountry "SRB"]
[SourceTitle "CBM 202 Extra"]
[Source "ChessBase"]
[SourceDate "2021.07.31"]
[SourceVersion "1"]
[SourceVersionDate "2021.07.31"]
[SourceQuality "1"]

1. c4 Nf6 2. g3 e6 3. Bg2 d5 4. Nf3 c5 5. 0-0 Nc6 6. b3 Bd6 7. Bb2 h5 8. e3 e5 9. cxd5 Nxd5 10. d4 e4 11. Ne5 Bxe5 12. dxe5 Bg4 13. Qc2 Bf5 14. a3 h4 15. Qxc5 Rc8 16. Qd6 Qg5 17. Qxd5 hxg3 18. Nc3 Rd8 19. fxg3 Qxe3+ 20. Rf2 Rxd5 21. Nxd5 Qxb3 22. Raf1 Qxd5 23. Rxf5 Nd4 24. R5f2 Qc5 25. Bxe4 Qxe5 26. Re1 Nf3+ 27. Kh1 Qxg3 28. Bxf3+ Kf8 29. Ree2 Rxh2+ 30. Rxh2 Qxf3+ 31. Kg1 f6 32. Rhf2 Qb3 33. Rd2 Qg3+ 34. Kf1 Qh3+ 35. Kg1 b5 36. Rfe2 Qg3+ 37. Kh1 Qh3+ 38. Kg1 Qg3+ 39. Kh1 Qh3+ 40. Kg1 1/2-1/2

[Event "Arandjelovac IM 2nd"]
[Site "Arandjelovac"]
[Date "2021.04.11"]
[Round "3"]
[White "Parnali, S Dharia"]
[Black "Lux, Hugo de Melo"]
[Result "1-0"]
[WhiteElo "2243"]
[BlackElo "2385"]
[PlyCount "69"]
[EventDate "2021.04.10"]
[EventType "tourn"]
[EventRounds "9"]
[EventCountry "SRB"]
[SourceTitle "CBM 201 Extra"]
[Source "ChessBase"]
[SourceDate "2021.05.31"]
[SourceVersion "1"]
[SourceVersionDate "2021.05.31"]
[SourceQuality "1"]

1. d4 Nf6 2. c4 e6 3. Nf3 c5 4. d5 exd5 5. cxd5 d6 6. Nc3 g6 7. h3 Bg7 8. e4 0-0 9. Bd3 b5 10. Nxb5 Re8 11. 0-0 Nxe4 12. Re1 a6 13. Na3 Nf6 14. Rxe8+ Nxe8 15. Bg5 Qc7 16. Qa4 Qd7 17. Bb5 axb5 18. Qxa8 Na6 19. Re1 Nec7 20. Qc6 Qxc6 21. dxc6 Be6 22. b3 Bb2 23. Nc2 Kf8 24. Rd1 Ne8 25. Bd8 f6 26. Ne3 Kf7 27. c7 Bc8 28. Nd5 Bb7 29. a4 bxa4 30. bxa4 Nb4 31. Nb6 d5 32. Nxd5 Ke6 33. Nxb4 cxb4 34. Nd4+ Kd5 35. Nb3+ 1-0

[Event "Arandjelovac IM 1st"]
[Site "Arandjelovac"]
[Date "2021.04.09"]
[Round "9"]
[White "Parnali, S Dharia"]
[Black "Hari, Charan Sai Kalluri"]
[Result "1/2-1/2"]
[WhiteElo "2243"]
[BlackElo "2086"]
[PlyCount "50"]
[EventDate "2021.04.03"]
[EventType "tourn"]
[EventRounds "9"]
[EventCountry "SRB"]
[EventCategory "1"]
[SourceTitle "CBM 201 Extra"]
[Source "ChessBase"]
[SourceDate "2021.05.31"]
[SourceVersion "1"]
[SourceVersionDate "2021.05.31"]
[SourceQuality "1"]

1. d4 d5 2. c4 c6 3. Nc3 Nf6 4. Nf3 a6 5. Ne5 g6 6. a4 Bg7 7. e3 0-0 8. Bd3 Be6 9. Qb3 Qc7 10. Bd2 Nbd7 11. f4 dxc4 12. Bxc4 Bxc4 13. Qxc4 Nb6 14. Qc5 Nbd5 15. Nxd5 Nxd5 16. Rc1 Qd6 17. Qc4 Rac8 18. a5 Qe6 19. 0-0 Rfd8 20. e4 Nf6 21. Rfe1 Qxc4 22. Rxc4 c5 23. d5 e6 24. d6 Rxd6 25. Be3 Nd7 1/2-1/2

[Event "Arandjelovac IM 1st"]
[Site "Arandjelovac"]
[Date "2021.04.04"]
[Round "3"]
[White "Pavlov, Mark"]
[Black "Parnali, S Dharia"]
[Result "1/2-1/2"]
[WhiteElo "2170"]
[BlackElo "2243"]
[PlyCount "49"]
[EventDate "2021.04.03"]
[EventType "tourn"]
[EventRounds "9"]
[EventCountry "SRB"]
[EventCategory "1"]
[SourceTitle "CBM 201 Extra"]
[Source "ChessBase"]
[SourceDate "2021.05.31"]
[SourceVersion "1"]
[SourceVersionDate "2021.05.31"]
[SourceQuality "1"]

1. d4 d5 2. c4 e6 3. Nf3 Nf6 4. e3 c6 5. b3 Nbd7 6. Nbd2 Bd6 7. Bb2 b6 8. Bd3 Bb7 9. 0-0 Qc7 10. Rc1 Rc8 11. Re1 0-0 12. e4 dxe4 13. Nxe4 Bf4 14. Nxf6+ Nxf6 15. Rc2 Qe7 16. Rce2 Rfd8 17. Bb1 Bh6 18. Qc2 g6 19. Ne5 Bg7 20. a4 Nh5 21. Qc1 Qh4 22. Re4 Qe7 23. R4e2 Qh4 24. Re4 Qe7 25. R4e2 1/2-1/2

[Event "Chess.com Bullet op1"]
[Site "Chess.com INT"]
[Date "2020.12.19"]
[Round "4"]
[White "Hartikainen, Jarmo"]
[Black "Parnali, S Dharia"]
[Result "0-1"]
[WhiteElo "2142"]
[BlackElo "2243"]
[PlyCount "60"]
[EventDate "2020.12.19"]
[EventType "swiss (blitz)"]
[EventRounds "21"]
[EventCountry "USA"]
[SourceTitle "EXT 2022"]
[Source "ChessBase"]
[SourceDate "2021.10.06"]
[SourceVersion "1"]
[SourceVersionDate "2021.10.06"]
[SourceQuality "1"]

1. e4 e5 2. Nf3 Nc6 3. d4 Nf6 4. d5 Nb8 5. Nxe5 Nxe4 6. Nxf7 Qf6 7. Qe2 Bb4+ 8. c3 Kxf7 9. cxb4 Re8 10. Be3 d6 11. Nc3 Nxc3 12. Qf3 Qxf3 13. gxf3 Nxd5 14. Bc4 Be6 15. 0-0-0 Nxe3 16. Bxe6+ Rxe6 17. fxe3 Rxe3 18. Rhe1 Rxe1 19. Rxe1 Nc6 20. Re4 Re8 21. a3 Ne5 22. Rf4+ Ke6 23. Kd2 g5 24. Re4 d5 25. Re2 Kf5 26. Kc2 Re6 27. Rf2 Rc6+ 28. Kb3 Kf4 29. Rf1 Nd3 30. b5 Rc5 0-1

[Event "Titled Tuesday intern op 20th Oct"]
[Site "Chess.com INT"]
[Date "2020.10.20"]
[Round "4"]
[White "Trichkov, Vasil"]
[Black "Parnali, S Dharia"]
[Result "1-0"]
[WhiteElo "2302"]
[BlackElo "2243"]
[PlyCount "97"]
[EventDate "2020.10.20"]
[EventType "swiss (blitz)"]
[EventRounds "11"]
[EventCountry "USA"]
[SourceTitle "EXT 2022"]
[Source "ChessBase"]
[SourceDate "2021.10.06"]
[SourceVersion "1"]
[SourceVersionDate "2021.10.06"]
[SourceQuality "1"]

1. d4 d5 2. Nf3 Nf6 3. c4 e6 4. g3 Bb4+ 5. Bd2 Be7 6. Bg2 0-0 7. 0-0 dxc4 8. Na3 c6 9. Nxc4 Na6 10. Rc1 Nc7 11. b3 Ncd5 12. Qc2 a5 13. Rfd1 Nb4 14. Qb1 Bd7 15. e4 b5 16. Nce5 Qb6 17. h3 Qb7 18. Nxd7 Nxd7 19. a3 Na6 20. Qb2 Nc7 21. Bf4 b4 22. a4 Rac8 23. Qe2 Rfd8 24. Rc2 c5 25. d5 exd5 26. exd5 Bf6 27. d6 Ne6 28. Ne5 Qb6 29. Nc4 Qa7 30. Be3 Bd4 31. Rcd2 Nf6 32. h4 Ne8 33. Bh3 Nxd6 34. Bxe6 fxe6 35. Bxd4 cxd4 36. Qxe6+ Nf7 37. Ne5 Re8 38. Qxf7+ Qxf7 39. Nxf7 Kxf7 40. Rxd4 Rc3 41. Rd5 Rxb3 42. Rxa5 Ra3 43. Ra7+ Re7 44. Rdd7 Rxd7 45. Rxd7+ Kf6 46. Ra7 b3 47. Rb7 Ra1+ 48. Kg2 Rxa4 49. Rxb3 1-0

[Event "Titled Tuesday intern op 13th Oct"]
[Site "Chess.com INT"]
[Date "2020.10.13"]
[Round "3"]
[White "Parnali, S Dharia"]
[Black "Spitzl, Vinzent"]
[Result "0-1"]
[WhiteElo "2243"]
[BlackElo "2346"]
[PlyCount "116"]
[EventDate "2020.10.13"]
[EventType "swiss (blitz)"]
[EventRounds "10"]
[EventCountry "USA"]
[SourceTitle "CBM 198 Extra"]
[Source "ChessBase"]
[SourceDate "2020.11.30"]
[SourceVersion "1"]
[SourceVersionDate "2020.11.30"]
[SourceQuality "1"]

1. d4 b6 2. e4 Bb7 3. Nc3 e6 4. Nf3 Bb4 5. Bd3 Nf6 6. Bg5 h6 7. Bxf6 Qxf6 8. Qd2 c5 9. a3 Bxc3 10. bxc3 Nc6 11. e5 Qe7 12. 0-0 0-0 13. Qf4 d6 14. exd6 Qf6 15. Qe4 g6 16. dxc5 Na5 17. Qd4 Qxd4 18. cxd4 bxc5 19. dxc5 Bxf3 20. gxf3 Rac8 21. Be4 Rxc5 22. Rfd1 Rd8 23. Rab1 Nc4 24. d7 Nb6 25. Rd6 Rc7 26. Bc6 Nc4 27. Rb8 Rxb8 28. d8Q+ Rxd8 29. Rxd8+ Kg7 30. Be4 Nxa3 31. Ra8 Nxc2 32. Bxc2 Rxc2 33. Rxa7 Rc5 34. Kg2 Kf6 35. Rb7 h5 36. Ra7 Rf5 37. Rb7 Kg5 38. h3 h4 39. Ra7 e5 40. Rb7 Rf4 41. Rb5 f6 42. Rc5 Rb4 43. Ra5 Rc4 44. Rb5 Ra4 45. Rc5 Kf4 46. Rb5 f5 47. Rb6 Ra3 48. Rxg6 Rxf3 49. Rh6 Kg5 50. Rxh4 Kxh4 51. Kxf3 Kxh3 52. Ke3 Kg2 53. Ke2 e4 54. Ke1 f4 55. Ke2 f3+ 56. Ke1 e3 57. fxe3 f2+ 58. Ke2 f1Q+ 0-1

[Event "Titled Tuesday intern op 13th Oct"]
[Site "Chess.com INT"]
[Date "2020.10.13"]
[Round "1"]
[White "Sawlin, Leonid"]
[Black "Parnali, S Dharia"]
[Result "1-0"]
[WhiteElo "2385"]
[BlackElo "2243"]
[PlyCount "73"]
[EventDate "2020.10.13"]
[EventType "swiss (blitz)"]
[EventRounds "10"]
[EventCountry "USA"]
[SourceTitle "CBM 198 Extra"]
[Source "ChessBase"]
[SourceDate "2020.11.30"]
[SourceVersion "1"]
[SourceVersionDate "2020.11.30"]
[SourceQuality "1"]

1. e4 e5 2. Nf3 Nc6 3. Bc4 Nf6 4. 0-0 Bc5 5. d3 h6 6. a4 d6 7. a5 a6 8. c3 Bg4 9. b4 Ba7 10. Be3 0-0 11. h3 Be6 12. Nbd2 Qd7 13. Bxa7 Rxa7 14. Qb3 Ne7 15. Rfe1 Ng6 16. d4 Nf4 17. Bxe6 fxe6 18. dxe5 dxe5 19. Nc4 N6h5 20. Ncxe5 Qe7 21. Rad1 Nxg2 22. Kxg2 Nf4+ 23. Kh2 Qf6 24. Rd7 Ng6 25. Nxg6 Qxg6 26. Rg1 Qxe4 27. Rgxg7+ Kh8 28. Rh7+ Qxh7 29. Rxh7+ Kxh7 30. Qxe6 Raa8 31. Qe7+ Kh8 32. Ne5 Rxf2+ 33. Kg3 Rf1 34. Nf7+ Kg7 35. Ng5+ Kg6 36. Ne6 Rg8 37. Kg2 1-0